Top 10 Tennis Grand Slam French Women's Players in Open Era - Statistics

General Stats
  • This quiz has been taken 92 times
    66 since last reset
  • The average score is 5 of 10
Answer Stats
# Player Best Performance Points % Correct
1 Mary Pierce Win (2) 60
87%
2 Amélie Mauresmo Win (2) 58
85%
7 Caroline Garcia Semifinals 11
72%
5 Marion Bartoli Win (1) 23
72%
4 Nathalie Tauziat Final 28
46%
10 Nathalie Dechy Semifinals 8
26%
3 Françoise Dürr Semifinals 30
24%
6 Sandrine Testud Quarterfinals 15
20%
9 Julie Halard Quarterfinals 9
19%
8 Gail Sherriff Quarterfinals 9
0%
No matching quizzes found
Score Distribution
Percent of People with Each Score
Percentile by Number Answered
Your Score History
You have not taken this quiz since the last reset